Skončenie doby nájmu poľnohospodárskej pôdy

Obec je vlastníkom poľnohospodárskej pôdy, ktorú prenajalo miestnemu poľnohospodárskemu družstvu. Zmluva bola uzavretá na dobu určitú do konca roku 2020. Ako postupovaťpo skončení doby nájmu? Zákon č.504/2003 Z.z. o nájme poľnohospodárskych pozemkov, upravuje nájom pozemku na poľnohospodárske účely....

Full description

Saved in:
Bibliographic Details
Main Author: Keller, Marek
Format: Book Chapter
Language:Slovak
Subjects:
Tags: Add Tag
No Tags, Be the first to tag this record!

MARC

LEADER 00000naa a2200000 4500
001 0263742
005 20200603162340.9
041 0 |a slo 
044 |a SK 
245 1 0 |a Skončenie doby nájmu poľnohospodárskej pôdy  |c Marek Keller 
520 |a Obec je vlastníkom poľnohospodárskej pôdy, ktorú prenajalo miestnemu poľnohospodárskemu družstvu. Zmluva bola uzavretá na dobu určitú do konca roku 2020. Ako postupovaťpo skončení doby nájmu? Zákon č.504/2003 Z.z. o nájme poľnohospodárskych pozemkov, upravuje nájom pozemku na poľnohospodárske účely. Definícia tohto pozemku je uvedená v §1 ods.2 tohto zákona. Zákon č.138/1991 Zb. o majetku obcí je vo veci prenájmu poľnohospodárskej pôdy zákonom všeobecným (lex generalis) a zákon č. 504/2003 Z.z. o nájme poľnohospodárskych pozemkov je zákonom špeciálnym (lex specialis). V danej veci teda obec musí rešpektovať úpravu zákona o nájme poľnohospodárskej pôdy. Platí prednostné právo nájomcu na uzavretie zmluvy. V danom prípade je dôležité posúdenie, či sa na daný nájomný vzťah vzťahuje prednostné právo. 
610 2 0 |a pôda poľnohospodárska 
610 2 0 |a majetok 
610 2 0 |a obce 
610 2 0 |a prenájom 
610 2 0 |a družstvá poľnohospodárske 
610 2 0 |a zmluvy 
610 2 0 |a pozemky 
610 2 0 |a právo 
610 2 0 |a zákony 
100 1 |a Keller, Marek